Técnicas estadísticas multivariantes con SPSS /

Contenido: 1) Introducción a las técnicas estadísticas multivariantes; 2) Reducción de la dimensión con variables cuantitativas: componentes principales y análisis factorial; 3) Reducción de la dimensión con variables cualitativas: correspondencias simples y múltiples; 4) Reducción de la dimensión c...

Descripción completa

Guardado en:
Detalles Bibliográficos
Autor principal: Pérez López, César (autor)
Formato: Libro
Idioma:Español
Publicado: Madrid, España : Ibergarceta, 2009, c2009
Temas:
Etiquetas: Agrega una etiqueta
Sin etiquetas, Sé el primero en etiquetar este registro!

MARC

LEADER 00000nam^a2200000^a^4500
001 000323867
005 20250521000000.0
009 20260310113652.607
020 |a 978-84-9281-200-4 
037 |a Acervo ITESO - Biblioteca 
041 |a ESP 
082 |a 005. 369  |b PER 
100 |a Pérez López, César  |e (autor) 
245 1 0 |a Técnicas estadísticas multivariantes con SPSS /  |c C. Pérez López. 
264 4 |a Madrid, España :  |b Ibergarceta,  |c 2009, c2009 
300 |a X, 378 p. 
336 |a texto  |b txt  |2 rdacontenido 
337 |a sin mediación  |b n  |2 rdamedio 
338 |a volumen  |b nc  |2 rdasoporte 
520 |a Contenido: 1) Introducción a las técnicas estadísticas multivariantes; 2) Reducción de la dimensión con variables cuantitativas: componentes principales y análisis factorial; 3) Reducción de la dimensión con variables cualitativas: correspondencias simples y múltiples; 4) Reducción de la dimensión con variables cualitativas y cuantitativas: escalamiento óptico; 5) Reducción de la dimensión: análisis conjunto; 6) Reducción de la dimensión: fiabilidad de escalas y escalamiento multidimensional; 7) Clasificación mediante análisis discriminante y árboles de decisión; 8) Clasificación mediante análisis Cluster. 
649 |a XX 
650 |a Paquetes Estadísticos -  |x Tema Principal 
650 |a Paquetes (Software) -  |x Tema Principal 
650 |a Análisis Estadístico Multivariable -  |x Tema Principal 
650 |a Estadística -  |x Metodología 
650 |a Matemáticas 
650 |a Ingeniería Computacional 
910 |a Fondo General 
920 |a Impresos - Libros 
930 |a Colección General 
905 |a 101 
901 |a 0500211729  |b IT1  |c ACC  |i C133345  |u 20250521 
902 |a https://opac.biblio.iteso.mx/vufind/Record/000323867